How to prepare for Quantitative Aptitude for CAT/ (Record no. 200382)

MARC details
000 -LEADER
fixed length control field 00681nam a22001937a 4500
005 - DATE AND TIME OF LATEST TRANSACTION
control field 20240125121512.0
010 ## - LCCN (DPL NO)
LC control number ENG-139027
020 ## - INTERNATIONAL STANDARD BOOK NUMBER
International Standard Book Number 9789355321626
Terms of availability 1050.00
035 ## - SYSTEM CONTROL NUMBER
System control number EN-122559
037 ## - SOURCE OF ACQUISITION
Source of stock number/acquisition DBAD/PUB
082 ## - DEWEY DECIMAL CLASSIFICATION NUMBER
Classification number 000
100 ## - MAIN ENTRY--PERSONAL NAME
Personal name Sharma, Arun
245 ## - TITLE STATEMENT
Title How to prepare for Quantitative Aptitude for CAT/
Statement of responsibility, etc by Arun Sharma
250 ## - EDITION STATEMENT
Edition statement 10th Edition
260 ## - PUBLICATION, DISTRIBUTION, ETC. (IMPRINT)
Name of publisher, distributor, etc Mc Graw Hill
Place of publication, distribution, etc Anjana Complex No:5/90 A, Butt Road, St. Thomas Mount, Chennai-600016
Date of publication, distribution, etc 2022
270 ## - ADDRESS
Address Anjana Complex No:5/90 A, Butt Road, St. Thomas Mount, Chennai-600016
City Chennai
Postal code 600016
300 ## - PHYSICAL DESCRIPTION
Extent Various Pages
Dimensions 27cm(pbk)
942 ## - ADDED ENTRY ELEMENTS (KOHA)
Source of classification or shelving scheme Dewey Decimal Classification
Item type English Books
Classification part 000
Call number suffix SHA
Edition 10th
Holdings
Withdrawn status Lost status Not for loan Collection code Home library Current library Date acquired Source of acquisition Cost, normal purchase price Full call number Barcode Copy number Cost, replacement price Koha item type
      Non-fiction Sarojini Nagar Sarojini Nagar 25/01/2024 DBAD/PUB 1050.00 000 SHA EN-122559 1 1050.00 English Books

© Delhi Public Library
Hit Counter
free hit counter